00381nam a2200145Ia 4500003000900000008004100009040001600050080001500066100001600081245004600097260003900143300000900182650001800191650002600209IN-BaIIA211028s9999 xx 000 0 eng d cIIA Library a031bNAY-3 aNayak,H. M. 0aKannada Visvakosabvol. IIIcH. M. Nayak  aMysorebUniversity of Mysorec1971 a988p aEncyclopaedia aKannada Encyclopaedia